|
|
|
|
| LEADER |
00000cam a2200000 a 4500 |
| 001 |
104531 |
| 003 |
Ucuenca |
| 005 |
20230329220014.0 |
| 008 |
006010|2003 mx |||||r|||||||||||spa|| |
| 020 |
|
|
|a 9707290579
|
| 040 |
|
|
|b spa
|
| 041 |
0 |
|
|a spa
|
| 082 |
0 |
|
|a 371.425
|
| 245 |
|
|
|a Teoría y práctica de la orientación en la escuela: un enfoque psicológico
|c Pedro Antonio Sánchez Escobedo, Angel Alberto Valdés Cuervo. Editora Ma. Magdalena Ramos T.
|h imp
|
| 264 |
|
|
|a México
|b El Manual Moderno
|c 2003
|
| 300 |
|
|
|a 241 páginas:
|c 23 cm
|b gra
|
| 500 |
|
|
|a PDF, contiene índice y prólogo
|
| 504 |
|
|
|a incl. ref.
|
| 520 |
3 |
|
|a Es la obra que, en forma innovadora, integra las funciones del orientador, le provee de elementos para su desempeño y le proporciona un modelo de desarrollo vocacional susceptible de ser aplicado a los estudiantes que cursan desde los niveles básicos hasta los superiores de educación formal, bajo un enfoque psicológico...
|
| 650 |
1 |
|
|a Orientacion vocacional
|9 8855
|
| 650 |
1 |
|
|a Orientacion en la escuela
|9 49115
|
| 650 |
1 |
0 |
|a Aprendizaje
|9 2198
|
| 700 |
1 |
|
|a Valdés Cuervo, Ángel Alberto.
|9 49117
|
| 700 |
1 |
|
|a Sánchez Escobedo, Pedro Antonio
|9 49116
|
| 852 |
|
|
|a UC-CDJBV
|f Compra
|l 1
|m General
|p 20060104
|q 28,48
|r 2
|t 104531
|y 30189
|b 0
|d CDRC
|e CDRC
|g 371.425 PRIMER PISO
|u http://nas.ucuenca.edu.ec/BibliotecaDigital/ebooks/librosyrev/104531.pdf
|z 2006-60-10
|
| 856 |
|
|
|u http://nas.ucuenca.edu.ec/BibliotecaDigital/ebooks/librosyrev/104531.pdf
|
| 942 |
|
|
|c BK
|0 2
|
| 999 |
|
|
|c 26821
|d 26821
|